Cities in Canada - Sudden Death - Statistics

General Stats
  • This quiz has been taken 64 times
  • The average score is 8 of 14
Answers on the Grid
Answers color-coded by a green-red scale on the quiz's grid according to % correct below.
Omaha
Norfolk
Halifax
Yellowknife
Skagway
Fairbanks
Vancouver
Victoria
Brisbane
London
Toronto
Sydney
Seattle
Montreal
Windsor
Port Huron
Detroit
Sault Ste. Marie
Charleston
Huntington
Calgary
New Orleans
Drummondville
Jacksonville
Roanoke
Raleigh
Charlottesville
Brockville
Sarnia
Chesterville
 
Answer Stats
Answer % Correct
Vancouver
94%
Toronto
90%
Halifax
86%
Montreal
78%
Yellowknife
72%
Calgary
68%
Victoria
66%
Windsor
56%
London
48%
Sault Ste. Marie
44%
Sarnia
26%
Drummondville
18%
Brockville
14%
Chesterville
10%
No matching quizzes found
Score Distribution
Percent of People with Each Score
Percentile by Number Answered
Your Score History
You have not taken this quiz